000 00992nam2a22002531 4500
001 RU\NLR\INFOCOMM15\1000078304
005 20260607144241.0
035 _a(NLR Aleph) 002767113
090 _a13727781
_c13727781
100 _a20040224d1958 |||y0rusy50 ca
101 0 _arus
102 _aUA
105 _ay |||||||||
200 1 _aУсловия моделирования и теплообмен в рабочих камерах нагревательных устройств при пламенном сжигании топлива
_fГ.Ф. Дегтев
210 _d1958
461 0 _1001RU\NLR\INFOCOMM15\1000078265
_12001#$aНаучное сообщение$fМ-во высш. образ. УССР. Днепропетровский инж.-строит. ин-т$vВып.40
700 1 _aДегтев
_bГ. Ф.
_4070
801 0 _aRU
_bNLR
_gPSBO
801 1 _aRU
_bInfoComm
_c20040224
852 _aNLR
_jП10/2054
942 _cISSUE
980 _aRUSPER
980 _aNB